000 01021nac a22003490a 4500
001 PT21200
003 AR-LpoUNG
005 20210201005121.0
008 201001s2005||||ag |||||||||||||||||spa d
020 _a9508521724 (O.C.)
_c$8,2
020 _a9508521767 (T.4)
_c$8,2
040 _aAR-LpoUNG
_bspa
_eaacr
041 _aspa
044 _aag
082 0 _aR030 591esv4
245 1 0 _aGran enciclopedia universal Espasa Calpe :
_bAri-Avi
250 _a1ª edición
260 _aBuenos Aires :
_bClarín,
_c2005.
300 _ax, 1220 p. :
_bgráfs.
_3Impreso
490 0 _aEspasa Calpe
520 _aContiene: Guía de uso: Estructura general de las voces; Remisiones; Abreviaturas; Alfabetización; Ejemplos.
650 4 _aCAMBIO TECNOLOGICO
650 4 _aINNOVACIONES
650 4 _aINVENTORES
650 4 _aINVESTIGACION Y DESARROLLO
650 4 _aMATERIAL DE REFERENCIA
650 4 _aPATENTES
650 4 _aTECNOLOGIA
710 2 _aClarín (Buenos Aires)
905 _a21200
942 _cLSALA
999 _c48495
_d48495